000 00384nam a2200121Ia 4500
005 20251222154437.0
008 251222s9999||||xx |||||||||||||| ||spa||
020 _a84-8088-842-3
082 _a658.202/C93
100 _a"Cuatrecasas, Luis"
245 0 _aTotal productive maintenance (TPM): Hacia la competitividad a través de la eficiencia de los equipos de producción
942 _cLIB
999 _c36642
_d36642